1324 1945 1923 1835 1686 1765 1993 1169 1242 1510 1846 1239 1935 1582 1505 1477 1016 1393 1283 1019 1990 1232 1291 1185 1086 1817 1210 1485 1649 1830 1319 1984 1728 1275 1604 1980 1078 1575 1614 1903 1455 1632 1776 1809 1184 1579 1947 1840 1939 1685 1410 1135 1877 1858 1470 1190 1480 1590 1940 1681 1038 1627 1821 1658 1582 1301 1007 1480 1147 1374 1098 1543 1387 1834 1531 1449 1774 1553 1542 1354 1554 1115 1092 1446 1934 1858 1386 1610 1533 1099 1958 1634 1625 1325 1398 1291 1335 1514 1002 BCNSPRNW ULIB Ver.6.0+V

เปลี่ยนเป็นภาษาไทย

Change to English
 แสดงรายละเอียดบรรณานุกรม
  กลับหน้าหลัก

Brief Record : Get Marc (ISO 2709) : E-mail record : QR code < ปิดหน้าต่าง
LEADER : 00000nam 2200000uu 4500
001    13399128870
003     ULIB
008    241021s2566||||th 000 0 tha d
020    ^a9789740342403
060 04 ^aWU230^bป622ศ
100 0  ^aปิยาณี พาณิชย์วิสัย
245 10 ^aศาสตร์การรักษาคลองรากฟัน /^cปิยาณี พาณิชย์วิสัย
250    ^aพิมพ์ครั้งที่ 2
260    ^aกรุงเทพฯ :^bสำนักพิมพ์แห่งจุฬาลงกรณ์มหาวิทยาลัย,^c2566
300    ^a498 หน้า :^bภาพประกอบ ;^c26 ซม.
504    ^aมีบรรณานุกรมและดัชนี
650  4 ^aคลองรากฟัน
650  4 ^aคลองรากฟัน, การรักษา
945    ^p650^l0^i30303
945    ^p650^l0^i30304
999    ^aกัณชพร จุลอักษร
รายการนี้ยังไม่มีแท็ก
คุณยังไม่ได้ล็อกอิน คุณสามารถมีกิจกรรมร่วมกับเว็บไซต์ได้ แต่ต้องล็อกอินก่อน ::
  ล็อกอิน

รายการสื่อสารสนเทศ

ลำดับที่ ประเภท เลขเรียก/บาร์โค้ด สถานที่ สถานะ
1. หนังสือสำรอง
หนังสือสำรอง
WU230 ป622ศ ฉ.1 
  Barcode: 30303
ห้องสมุดวิทยาเขตนครสวรรค์
►หนังสือทั่วไป:l:General Books
บนชั้น
2. วิทยาศาสตร์การแพทย์ และสุขภาพ
วิทยาศาสตร์การแพทย์ และสุขภาพ
WU230 ป622ศ ฉ.2 
  Barcode: 30304
ห้องสมุดวิทยาเขตนครสวรรค์
►หนังสือทั่วไป:l:General Books
บนชั้น

รายการใกล้เคียง
    ผู้แต่ง [ปิยาณี พาณิชย์วิสัย]

    หัวเรื่อง [คลองรากฟัน]
    หัวเรื่อง [คลองรากฟัน, การรักษา]

BibComment


ยังไม่เคยถูกคอมเมนท์

คอมเมนท์ทรัพยากรรายการนี้
  คอมเมนท์: ศาสตร์การรักษาคล..


 Copyright 2026. Bcnsprnw @Library